Defer to experts on dirty land (Record no. 67841)

MARC details
000 -LEADER
fixed length control field 01212cam a2200277 4500
001 - CONTROL NUMBER
control field ABS64297
008 - FIXED-LENGTH DATA ELEMENTS--GENERAL INFORMATION
fixed length control field 010731n2001 000 0 eng u
035 ## - SYSTEM CONTROL NUMBER
System control number (Sirsi) u113866
100 ## - MAIN ENTRY--PERSONAL NAME
Personal name Wilbourn, P.
245 ## - TITLE STATEMENT
Title Defer to experts on dirty land
260 ## - PUBLICATION, DISTRIBUTION, ETC.
Date of publication, distribution, etc. 2001
490 ## - SERIES STATEMENT
Series statement Estates Gazette
Volume/sequential designation (0128) 14 July 2001, 131(1)
520 ## - SUMMARY, ETC.
Summary, etc. Law Society guidance "Contaminated land: the warning card" for solicitors, is likely to have implications, not only for solicitors but also for all surveyors dealing in property transactions. The Law Society's warning card implies that only specialist advice on contaminated land will offset the legal risk for solicitors and surveyors. Advises that it is essential that a solicitor or surveyor approaches an environmental surveyor who is insured and has a sufficient level of expertise.
590 ## - LOCAL NOTE (RLIN)
Local note ABS
650 ## - SUBJECT ADDED ENTRY--TOPICAL TERM
Topical term or geographic name entry element LAW SOCIETY
650 ## - SUBJECT ADDED ENTRY--TOPICAL TERM
Topical term or geographic name entry element CONTAMINATED LAND
650 ## - SUBJECT ADDED ENTRY--TOPICAL TERM
Topical term or geographic name entry element LIABILITY
650 ## - SUBJECT ADDED ENTRY--TOPICAL TERM
Topical term or geographic name entry element GUIDANCE
650 ## - SUBJECT ADDED ENTRY--TOPICAL TERM
Topical term or geographic name entry element PROPERTY TRANSACTIONS
650 ## - SUBJECT ADDED ENTRY--TOPICAL TERM
Topical term or geographic name entry element SOLICITORS
650 ## - SUBJECT ADDED ENTRY--TOPICAL TERM
Topical term or geographic name entry element SURVEYORS
650 ## - SUBJECT ADDED ENTRY--TOPICAL TERM
Topical term or geographic name entry element Contamination
9 (RLIN) 6231
650 ## - SUBJECT ADDED ENTRY--TOPICAL TERM
Topical term or geographic name entry element ENVIRONMENTAL CONSULTANTS
690 ## - LOCAL SUBJECT ADDED ENTRY--TOPICAL TERM (OCLC, RLIN)
Topical term or geographic name as entry element MANAGEMENT-BUSINESS MANAGEMENT-PROFESSIONAL PRACTICE
942 ## - ADDED ENTRY ELEMENTS (KOHA)
Suppress in OPAC 0
Holdings
Withdrawn status Lost status Source of classification or shelving scheme Damaged status Not for loan Home library Current library Shelving location Date acquired Total Checkouts Full call number Barcode Date last seen Copy number Price effective from Koha item type
    Dewey Decimal Classification     London London Journal article 31/07/2001   ABS64297 113866-1001 06/08/2019 1 06/08/2019 Journal article